00622 2200241 4500001002100000005001500021035002000036245008700056100001000143250000600153300003600159700001700195260003300212082000800245084001400253020001800267650001000285990001700295990001700312990001700329990001700346990001700363INLIS00000000000006720180814124147 a0010-08180000311 aLatihan Peta Buta 3 :bUntuk Sekolah Dasar Kelas VI /cKasdi; Editor, Epik Finilih0 aKasdi a- aiv, 100 hlm. :bilus. ;c25 cm.0 aEpik Finilih aDepok :bCV Arya Duta,c2006 a912 a912 KAS l a979-750-017-9 aAtlas a00283/P/2018 a00284/P/2018 a00285/P/2018 a00286/P/2018 a00287/P/2018